00594 2200205 4500001002100000005001500021035002000036007000300056008004100059020002200100082001000122084001600132100003000148245008000178250001100258260004500269300004500314650001700359700001200376INLIS00000000000072420210424102324 a0010-0421000177ta210424 g 0 ind  a978-602-1593-21-9 a720.3 a720.3 IMA e0 aImam Taufik, S. Pd. M.Pd.1 aEnsiklopedia Seni dan Budaya Nusantara Lampung /cImam Taufik, S. Pd. M.Pd. aCet. 1 aBekasi :bPT Mentari Utama Unggul,c2013 aviii + 108 hlm. :bilus. ;c21 x 29,7 cm aEnsiklopedia0 aMeilany